书目信息 |
| 题名: |
企业营销策划
|
|
| 作者: | 叶万春 主编 | |
| 分册: | ||
| 出版信息: | 北京 中国人民大学出版社 2004.01 |
|
| 页数: | 510页 | |
| 开本: | 23cm | |
| 丛书名: | ||
| 单 册: | ||
| 中图分类: | F274-43 | |
| 科图分类: | ||
| 主题词: | 企业管理--qi ye guan li--市场营销学--高等学校--教材 | |
| 电子资源: | ||
| ISBN: | 7-300-05133-2 | |
| 000 | 00843nam0 2200241 450 | |
| 001 | 012007533297 | |
| 005 | 20071008163510.98 | |
| 010 | @a7-300-05133-2@dCNY35.00 | |
| 100 | @a20070727d2004 km y0chiy0120 ea | |
| 101 | 0 | @achi |
| 102 | @aCN@b110000 | |
| 105 | @aa a 000yy | |
| 200 | 1 | @a企业营销策划@Aqi ye ying xiao ce hua@f叶万春主编@Fye wan chun zhu bian |
| 210 | @a北京@c中国人民大学出版社@d2004.01 | |
| 215 | @a510页@c图@d23cm | |
| 300 | @a普通高等教育“十五”国家级规划教材 | |
| 320 | @a有书目 (第509-510页)。 | |
| 330 | @a本书以企业营销行为为经线、以策划所涉及的各个方面为纬线系统地介绍了营销策划理念、营销策划分析等理论,并进行策划行为指导。 | |
| 606 | 0 | @a企业管理@Aqi ye guan li@x市场营销学@x高等学校@j教材 |
| 690 | @aF274-43@v4 | |
| 701 | 0 | @a叶万春@Aye wan chun@4主编 |
| 801 | 0 | @aCN@c20071008 |
| 905 | @dF274-43@eY456 | |
| 企业营销策划/叶万春主编.-北京:中国人民大学出版社,2004.01 |
| 510页:图;23cm |
| 普通高等教育“十五”国家级规划教材 |
| ISBN 7-300-05133-2:CNY35.00 |
| 本书以企业营销行为为经线、以策划所涉及的各个方面为纬线系统地介绍了营销策划理念、营销策划分析等理论,并进行策划行为指导。 |
| ● |
| 相关链接 |
|
|
|
正题名:企业营销策划
索取号:F274-43/Y456
 
预约/预借
| 序号 | 登录号 | 条形码 | 馆藏地/架位号 | 状态 | 备注 |
| 1 | 250755 | 202507554 | 社科库409/409社科库 94排2列1层/ [索取号:F274-43/Y456] | 在馆 | |
| 2 | 250756 | 202507563 | 社科库409/409社科库 94排1列5层/ [索取号:F274-43/Y456] | 在馆 | |
| 3 | 250757 | 202507572 | 社科库409/409社科库 94排1列5层/ [索取号:F274-43/Y456] | 在馆 |